000 00656cam a2200145 4500500
005 20251228052418.0
041 _afre
042 _adc
100 1 0 _aWerner, Jean-François
_eauthor
245 0 0 _aKRATZ, Corinne A. — The Ones That Are Wanted. Communication and the Politics of Representation in a Photographic Exhibition. Berkeley-Los Angeles, University of California Press, 2002, 307 p., ill.
260 _c2005.
500 _a34
786 0 _nCahiers d'études africaines | 177 | 1 | 2005-03-01 | p. 257e-303e | 0008-0055
856 4 1 _uhttps://shs.cairn.info/revue-cahiers-d-etudes-africaines-2005-1-page-257e?lang=fr&redirect-ssocas=7080
999 _c1583485
_d1583485